书目信息 |
| 题名: |
說文解字
|
|
| 作者: | 许慎, , 徐鉉, 撰 | |
| 分册: | ||
| 出版信息: | 上海 上海古籍出版社 2021.05 |
|
| 页数: | 741页 | |
| 开本: | 22cm | |
| 丛书名: | 國學典藏 | |
| 单 册: | ||
| 中图分类: | H161 | |
| 科图分类: | ||
| 主题词: | 汉字--han zi--古文字学--研究 | |
| 电子资源: | ||
| ISBN: | 978-7-5325-8604-2 | |
| 000 | 01225nam 2200301 450 | |
| 001 | 0100028502 | |
| 005 | 20211025120205.0 | |
| 010 | @a978-7-5325-8604-2@b精装@dCNY98.00 | |
| 100 | @a20210629d2021 em y0chiy50 ea | |
| 101 | 0 | @achi |
| 102 | @aCN@b310000 | |
| 105 | @ay z 000yy | |
| 106 | @ar | |
| 200 | 1 | @a說文解字@Ashuo wen jie zi@f(漢) 許慎撰@g(宋) 徐鉉等校 |
| 210 | @a上海@c上海古籍出版社@d2021.05 | |
| 215 | @a741页@d22cm | |
| 225 | 2 | @a國學典藏@Aguo xue dian cang |
| 330 | @a本书是我国第一部说解文字原始形体结构及考究字源的文字学专着。共十五卷, 其中一至十四卷为正文, 十五卷为叙目。每卷又分上、下两篇。书中收正篆9353个, 重文1163个, 共计收字10516个。《说文》首创部首编字法, 按所收字的字形, 分为540部。所收字形范围很广, 包括秦汉间通行的篆文及古文、籀文、或体等 ; 首创分析文字结构的理论和方法, 提出“六书说” ; 创立部首编排文字的方法 ; 保留了大量的古代词汇与古义。 | |
| 410 | 0 | @12001 @a國學典藏 |
| 518 | 1 | @a说文解字 |
| 605 | @a说文@Ashuo wen@x研究 | |
| 606 | 0 | @a汉字@Ahan zi@x古文字学@x研究 |
| 690 | @aH161@v5 | |
| 701 | 0 | @a许慎,@Axu shen@f58?-147?@4撰 |
| 701 | 0 | @a徐鉉,@Axu xuan@f宋代@4校 |
| 730 | 1 | @a許慎@Axu shen@4撰 |
| 801 | 0 | @aCN@c20210909 |
| 905 | @a河南城建学院图书馆@dH161@eX895 | |
| 說文解字/(漢) 許慎撰/(宋) 徐鉉等校.-上海:上海古籍出版社,2021.05 |
| 741页;22cm.-(國學典藏) |
| ISBN 978-7-5325-8604-2(精装):CNY98.00 |
| 本书是我国第一部说解文字原始形体结构及考究字源的文字学专着。共十五卷, 其中一至十四卷为正文, 十五卷为叙目。每卷又分上、下两篇。书中收正篆9353个, 重文1163个, 共计收字10516个。《说文》首创部首编字法, 按所收字的字形, 分为540部。所收字形范围很广, 包括秦汉间通行的篆文及古文、籀文、或体等 ; 首创分析文字结构的理论和方法, 提出“六书说” ; 创立部首编排文字的方法 ; 保留了大量的古代词汇与古义。 |
| ● |
| 相关链接 |
|
|
|
正题名:說文解字
索取号:H161/X895
 
预约/预借
| 序号 | 登录号 | 条形码 | 馆藏地/架位号 | 状态 | 备注 |
| 1 | 1546543 | 215465431 | 语言库209/209语言库 76排4列2层/ [索取号:H161/X895] | 在馆 |